1437 1251 1518 1969 1793 1822 1738 1073 1722 1468 1981 1194 1100 1406 1667 1602 1253 1919 1976 1291 1158 1780 1510 1796 1098 1034 1820 1163 1088 1442 1112 1859 1897 1136 1664 1640 1540 1720 1272 1281 1780 1449 1545 1520 1182 1388 1006 1661 1022 1775 1225 1509 1835 1816 1745 1478 1412 1123 1541 1591 1605 1018 1224 1514 1477 1935 1705 1468 1673 1646 1380 1941 1051 1751 1706 1315 1319 1922 1012 1792 1725 1192 1169 1969 1944 1258 1739 1117 1262 1383 1208 1279 1031 1072 1637 1535 1590 1792 1387 BCNSPRNW ULIB Ver.6.0+V

เปลี่ยนเป็นภาษาไทย

Change to English
 แสดงรายละเอียดบรรณานุกรม
  กลับหน้าหลัก

Brief Record : Get Marc (ISO 2709) : E-mail record : QR code < ปิดหน้าต่าง
LEADER : 00000nam 2200000uu 4500
001    13399120554
003     ULIB
008    120927s2552||||th 000 0 tha d
024    ^a9789740323938
060 04 ^aWY105^bว712ก
100 0  ^aวิโรจน์ ไววานิชกิจ
245 10 ^aการจัดการด้านการพยาบาล :^bเพื่อเพิ่มคุณภาพในหน่วยงานด้านการวินิจฉัย /^cวิโรจน์ ไววานิชกิจ
250    ^aพิมพ์ครั้งที่ 1
260    ^aกรุงเทพฯ :^bสำนักพิมพ์แห่งจุฬาลงกรณ์มหาวิทยาลัย,^c2552
300    ^a87 หน้า :^bภาพประกอบ ;^c21 ซม.
650  7 ^aการพยาบาล^xการจัดการ
650  7 ^aการพยาบาล^xการบริหาร
650  7 ^aความพอใจของผู้ป่วย
650  7 ^aผู้ป่วย^xข้อร้องเรียน^xการบริหาร
945    ^p70^l0^i16060
945    ^p70^l0^i16061
945    ^p70^l0^i16062
995    ^aกัณชพร
999 ^a ใช้งานได้ทุกระบบ
รายการนี้ยังไม่มีแท็ก
คุณยังไม่ได้ล็อกอิน คุณสามารถมีกิจกรรมร่วมกับเว็บไซต์ได้ แต่ต้องล็อกอินก่อน ::
  ล็อกอิน

รายการสื่อสารสนเทศ

ลำดับที่ ประเภท เลขเรียก/บาร์โค้ด สถานที่ สถานะ
1. วิทยาศาสตร์การแพทย์ และสุขภาพ
วิทยาศาสตร์การแพทย์ และสุขภาพ
WY105 ว712ก  
  Barcode: 16060
ห้องสมุดวิทยาเขตนครสวรรค์
►ส่วนจัดเก็บหนังสือเก่า นว.
บนชั้น
  ขอยืม
2. วิทยาศาสตร์การแพทย์ และสุขภาพ
วิทยาศาสตร์การแพทย์ และสุขภาพ
WY105 ว712ก ฉ.2 
  Barcode: 16061
ห้องสมุดวิทยาเขตนครสวรรค์
►ส่วนจัดเก็บหนังสือเก่า นว.
บนชั้น
  ขอยืม
3. วิทยาศาสตร์การแพทย์ และสุขภาพ
วิทยาศาสตร์การแพทย์ และสุขภาพ
WY105 ว712ก ฉ.3 
  Barcode: 16062
ห้องสมุดวิทยาเขตนครสวรรค์
►ส่วนจัดเก็บหนังสือเก่า นว.
บนชั้น
  ขอยืม

รายการใกล้เคียง
    ผู้แต่ง [วิโรจน์ ไววานิชกิจ]

    หัวเรื่อง [ความพอใจของผู้ป่วย]

BibComment


ยังไม่เคยถูกคอมเมนท์

คอมเมนท์ทรัพยากรรายการนี้
  คอมเมนท์: การจัดการด้านการ..


 Copyright 2026. Bcnsprnw @Library